Images for Every Subcategory: Geography Quiz Stats

 Plays Quiz Updated Oct 5, 2018

Score 0/19 Timer 08:00
1 Play Today
Question Answer Wrong Answers
Capital
Which of these landmarks is located in its nation's capital?
Colosseum
88.2%
Taj Mahal
2.6%
CN Tower
1.8%
Opera House
6.2%
Population
Which of these images is from the nation with the world's largest population?
China
86.5%
USA
2.5%
India
5.5%
Brazil
2.6%
Border
Which of these is an image of the border between North Korea and South Korea?
DMZ
86%
USCanada
3.3%
EUSerbia
3.6%
SaudiYemen
6.7%
United States
Which of these US cities is the most populous?
New York
84.7%
Chicago
2.4%
Los Angeles
8.9%
Philadelphia
0.7%
South America
Which of these people has NOT led a South American country?
Francis
82.7%
Chavez
0.9%
Pinochet
1.4%
Fujimori
12.1%
North America
Which of these natural landmarks is NOT in North America?
Uluru
79.2%
Grand Canyon
0.9%
Devil's Tower
11.4%
Niagara Falls
5.9%
Asia
Which of these Asian skyscrapers is the Burj Khalifa, the tallest building in the world?
Burj Khalifa
78.6%
Mecca Clock Tower
0.8%
Taipei 101
3.8%
Shanghai Tower
16.5%
Topography
Which of these mountains is the tallest in the world?
Everest
77.7%
Matterhorn
12.9%
Fuji
4.4%
Kilimanjaro
2%
Europe
Which of these landmarks is in a country that is NOT in the European Union?
St Basils
77.1%
Sagrada Familia
8.7%
Atomium
9.2%
Acropolis
2.8%
World
In which of these oceans will you find the 'Ring of Fire?'
Pacific
68.4%
Atlantic
7.4%
Southern
7.1%
Indian
13.7%
City
Which of these landmarks is located in a different city than the others?
Brandenburg Gate
63.9%
Eiffel Tower
5%
Arc de Triomphe
1.7%
Sacre Coeur
28.1%
Continent
Which of these continents has the MOST Sporcle recognized countries (at 54)?
Africa
58.1%
Asia
18.8%
Europe
15.2%
North America
6.4%
Country
Which of these landlocked countries is NOT surrounded by only one other nation?
Andorra
56.8%
Vatican City
9.7%
San Marino
16.1%
Lesotho
15.3%
Canada
Which of these provinces was one of the original four to enter Confederation on July 1, 1867?
New Brunswick
52.1%
British Columbia
12.3%
Saskatchewan
18.9%
Newfoundland
15.8%
Oceania
Which of these highlighted Australian states is Queensland?
Queensland
50.8%
Victoria
9.6%
New South Wales
23.5%
Western Australia
13.4%
Africa
Which of these outlines represents a country in Africa?
Nigeria
47.3%
Peru
19.9%
Laos
5.7%
Poland
26.8%
Flags
Which of these flags represents a territory that is NOT considered a sovereign nation on Sporcle?
South Ossetia
43.4%
Togo
6.2%
Palau
20%
Turkmenistan
27.8%
State
Which of these people provided the name for a US state?
Louis XIV (LA)
40.1%
Franklin
18.3%
Henry VIII
12.5%
William Pitt
26.1%
United Kingdom
Which of the four constituent parts of the United Kingdom is NOT represented on its flag?
Wales
37.4%
England
3.4%
Scotland
9.6%
Northern Ireland
46.3%

You're not logged in!

Compare scores with friends on all Sporcle quizzes.
OR
Log In

Sporcle TV

Today on Sporcle TV


Watch our educational content, quiz creation guides, and fun videos on Sporcle TV.

Show Comments

Extras

Top Quizzes Today


Score Distribution

Your Account Isn't Verified!

In order to create a playlist on Sporcle, you need to verify the email address you used during registration. Go to your Sporcle Settings to finish the process.

Report this User

Report this user for behavior that violates our Community Guidelines.

Details: